| 000 | 00789nam a2200301Ia 4500 | ||
|---|---|---|---|
| 008 | 171120s9999 xx 000 0 und d | ||
| 020 | _a9.7819029473e+012 | ||
| 050 | _a523 | ||
| 050 | _bF235 2007 | ||
| 100 | _aFarndon, John | ||
| 245 | _aSpace / | ||
| 245 | _cby John Farndon. | ||
| 260 | _aChina : | ||
| 260 | _bGroiler, | ||
| 260 | _c2007 | ||
| 300 | _a61 pages : | ||
| 300 | _bcolor illustrations ; | ||
| 300 | _c30cm. | ||
| 440 | _a1000 things you should know about. | ||
| 500 | _aIncludes index. | ||
| 650 | _aOuter space -- Miscellanea -- Juvenile literature. | ||
| 650 | _aPlanets -- | ||
| 650 | _aPlanets. | ||
| 650 | _xJuvenile literature. | ||
| 700 | _aSeries : One thousand things you should know about. | ||
| 700 | _aSeries. | ||
| 700 | _aTitle. | ||
| 999 |
_c345080 _d345080 |
||